书目信息 |
| 题名: |
中国现代文学作品选读复习指要
|
|
| 作者: | 张盛如 主编 | |
| 分册: | ||
| 出版信息: | 北京 能源出版社 1987.2 |
|
| 页数: | 383页 | |
| 开本: | 19cm | |
| 丛书名: | 中学教师专业合格考试复习指导丛书 | |
| 单 册: | ||
| 中图分类: | H194.3 | |
| 科图分类: | ||
| 主题词: | 汉语--语言读物--现代 | |
| 电子资源: | ||
| ISBN: | 7-80018-004-2 | |
| 000 | 00776nam2 2200241 45 | |
| 001 | 0189016484 | |
| 005 | 20050413141030.3 | |
| 010 | @a7-80018-004-2@dCNY3.10 | |
| 020 | @aCN@b89016484 | |
| 100 | @a19910513d1987 m y0chiy0120 ea | |
| 101 | 0 | @achi |
| 102 | @aCN@b110000 | |
| 105 | @ay z 000zy | |
| 200 | 10 | @a中国现代文学作品选读复习指要@AZhong Guo Xian Dai Wen Xue Zuo Pin Xuan Du Fu Xi Zhi Yao@f张盛如等主编@FZhang Sheng Ru Deng Zhu Bian |
| 210 | @a北京@c能源出版社@d1987.2 | |
| 215 | @a383页@d19cm | |
| 225 | 2 | @a中学教师专业合格考试复习指导丛书@f张盛如等主编 |
| 410 | 0 | @120010@a中学教师专业合格考试复习指导丛书 |
| 606 | 0 | @a汉语@x语言读物@x现代 |
| 690 | @aH194.3@v3 | |
| 701 | 0 | @a张盛如@4主编 |
| 801 | 0 | @aCN@bNLC@c19910513 |
| 905 | @dH194.3@e128@f1@b219883 | |
| 中国现代文学作品选读复习指要/张盛如等主编.-北京:能源出版社,1987.2 |
| 383页;19cm.-(中学教师专业合格考试复习指导丛书/张盛如等主编) |
| ISBN 7-80018-004-2:CNY3.10 |
| ● |
| 相关链接 |
|
|
|
|
正题名:中国现代文学作品选读复习指要
索取号:H194.3/128
 
预约/预借
| 序号 | 登录号 | 条形码 | 馆藏地/架位号 | 状态 | 备注 |
| 1 | 0219879 | 000841593 | 第四借阅区/ [索取号:H194.3/128] | 在馆 | |
| 2 | 0219880 | 000841600 | 第二样本阅览室/ [索取号:H194.3/128] | 在馆 | |
| 3 | 0219881 | 000841646 | 第四借阅区/ [索取号:H194.3/128] | 在馆 | |
| 4 | 0219882 | 000841637 | 第四借阅区/ [索取号:H194.3/128] | 在馆 | |
| 5 | 0219883 | 001999662 | 第四借阅区/ [索取号:H194.3/128] | 在馆 |